Ekonomické výpočty v řídicí praxi

Saved in:
Bibliographic Details
Main Author: Vysušil, Jiří
Other Authors: Macík, Karel, Freiberg, František
Format: Book
Language:Czech
Published: Praha Inst. řízení 1989
Edition:1. vyd.
Tags: Add Tag
No Tags, Be the first to tag this record!

MARC

LEADER 00000nam a2200000 4500
001 c034669
005 20250219092947.6
041 0 |a cze 
044 |a CZ 
245 1 0 |a Ekonomické výpočty v řídicí praxi  |c Jiří Vysušil, Karel Macík, František Freiberg 
250 |a 1. vyd. 
264 1 |a Praha  |b Inst. řízení  |c 1989 
300 |a 456 s. 
100 1 |a Vysušil, Jiří 
700 1 |a Macík, Karel 
700 1 |a Freiberg, František